[Event "Rated Blitz game"]
[Site "?"]
[Date "2021.01.20"]
[Round "?"]
[White "MarinovicBozo"]
[Black "vespillo77"]
[Result "1/2-1/2"]
[WhiteElo "2520"]
[BlackElo "2528"]
[PlyCount "114"]
[EventDate "2021.??.??"]
[EventType "blitz"]

1. e4 e5 2. Nf3 d5 3. exd5 e4 4. Qe2 Qe7 5. Nd4 Nf6 6. Nc3 Qe5 7. Nf3 Qe7 8.
Ng5 Bf5 9. Qb5+ Nbd7 10. Qxb7 Rb8 11. Qxc7 h6 12. Nh3 g5 13. Bb5 Rd8 14. O-O
Bg7 15. Re1 O-O 16. d3 Bxh3 17. gxh3 Rc8 18. Qg3 Nh5 19. Qg2 Ne5 20. Rxe4 Qf6
21. Be3 Kh7 22. Qg4 Nxg4 23. hxg4 Nf4 24. Bd4 Qg6 25. Bd7 Kg8 26. Bf5 Qd6 27.
Bxg7 Kxg7 28. Bxc8 Rxc8 29. Rae1 Qb6 30. R4e3 Qxb2 31. Ne4 Rxc2 32. d6 Qd4 33.
Ng3 Nh3+ 34. Kg2 Qxg4 35. Rf1 Nf4+ 36. Kh1 Qxg3 37. hxg3 Nh3 38. Kg2 g4 39. Re4
Ng5 40. Rxg4 Kf6 41. Rd4 Ne6 42. d7 Nd8 43. Re1 Rc7 44. Re8 Rxd7 45. Rxd7 Ne6
46. Rxe6+ fxe6 47. Rxa7 h5 48. Ra5 h4 49. gxh4 e5 50. Rxe5 Kxe5 51. h5 Kf5 52.
Kg3 Kg5 53. a4 Kxh5 54. a5 Kg6 55. a6 Kf5 56. a7 Ke5 57. a8=Q Kd4 {Time forfeit
} 1/2-1/2

[Event "Rated Blitz game"]
[Site "?"]
[Date "2021.01.20"]
[Round "?"]
[White "pinko-bey"]
[Black "Yatatu408Empire"]
[Result "0-1"]
[WhiteElo "2342"]
[BlackElo "2490"]
[PlyCount "80"]
[EventDate "2021.??.??"]
[EventType "blitz"]

1. e4 e5 2. Nf3 d5 3. d4 dxe4 4. Nxe5 Bd6 5. Nc4 Nc6 6. Nxd6+ cxd6 7. Nc3 d5 8.
Be2 Nge7 9. O-O O-O 10. Bg5 f6 11. Bf4 Ng6 12. Bc1 f5 13. f4 Be6 14. Be3 Rc8
15. Nb5 a6 16. Na3 b5 17. c3 Na5 18. Nc2 Nc4 19. Bxc4 dxc4 20. a4 Ra8 21. g4
fxg4 22. Nb4 Nh4 23. d5 Bf5 24. Nc6 Qf6 25. Bd4 Qh6 26. axb5 Nf3+ 27. Rxf3 gxf3
28. Kh1 Qh3 29. Qg1 Rf7 30. Rxa6 Rxa6 31. bxa6 e3 32. a7 f2 33. a8=Q+ Bc8 34.
Qaa1 fxg1=Q+ 35. Kxg1 Qg4+ 36. Kh1 Qf3+ 37. Kg1 Bh3 38. Qa8+ Rf8 39. Ne7+ Kf7
40. d6 Qf1# {Normal} 0-1

[Event "Rated Blitz game"]
[Site "?"]
[Date "2021.01.20"]
[Round "?"]
[White "yunusharun"]
[Black "Sisyphus_64"]
[Result "0-1"]
[WhiteElo "2308"]
[BlackElo "2415"]
[PlyCount "69"]
[EventDate "2021.??.??"]
[EventType "blitz"]

1. e4 e5 2. Nf3 d5 3. exd5 Bd6 4. d4 e4 5. Ne5 Nf6 6. Bb5+ c6 7. dxc6 bxc6 8.
Nxc6 Qb6 9. Nxa7+ Bd7 10. Bxd7+ Nbxd7 11. c4 Qxa7 12. c5 Bc7 13. O-O O-O 14.
Nc3 Qa6 15. b4 Qc4 16. Bd2 Qxd4 17. Nb5 Qe5 18. Nxc7 Qxc7 19. a4 Rfb8 20. Bc3
Ne5 21. Qd4 Nfg4 22. Qd6 Qxd6 23. cxd6 Nd7 24. b5 Ngf6 25. Rfb1 Nd5 26. Bd4 Ra5
27. g3 f6 28. Kf1 Kf7 29. Ke2 Ke6 30. Kd2 Rba8 31. b6 Rxa4 32. Rxa4 Rxa4 33.
Be3 Ra2+ 34. Ke1 Nxe3 35. fxe3 {Normal} 0-1

[Event "Rated Blitz game"]
[Site "?"]
[Date "2021.01.20"]
[Round "?"]
[White "superbond"]
[Black "DarthZannah"]
[Result "0-1"]
[WhiteElo "2433"]
[BlackElo "2483"]
[PlyCount "50"]
[EventDate "2021.??.??"]
[EventType "blitz"]

1. e4 e5 2. Nf3 d5 3. exd5 e4 4. Ne5 Qxd5 5. d4 exd3 6. Nxd3 Nf6 7. Nc3 Qf5 8.
Be2 Bd6 9. O-O O-O 10. h3 Nc6 11. Be3 Ne5 12. Nxe5 Qxe5 13. g3 Bxh3 14. Re1 Qa5
15. Bd3 Ng4 16. Bd4 Rfe8 17. Re4 Qg5 18. Qe2 Rxe4 19. Nxe4 Qe7 20. f3 Ne5 21.
Nxd6 cxd6 22. g4 h5 23. Qe4 g6 24. gxh5 Qg5+ 25. Kf2 Bf5 {Time forfeit} 0-1

[Event "Rated Blitz tournament fqhGD9V9"]
[Site "?"]
[Date "2021.01.20"]
[Round "?"]
[White "Arifars17"]
[Black "Gendut_BKD"]
[Result "1-0"]
[WhiteElo "2457"]
[BlackElo "2350"]
[PlyCount "93"]
[EventDate "2021.??.??"]
[EventType "blitz"]

1. e4 e5 2. Nf3 d5 3. d4 dxe4 4. Nxe5 Bd6 5. Nc4 Be7 6. Nc3 Nf6 7. Bg5 Bf5 8.
f3 Nbd7 9. Qe2 O-O 10. O-O-O exf3 11. gxf3 Re8 12. Qg2 Nh5 13. Bd2 a6 14. Ne3
Bg6 15. Ng4 Bg5 16. Bc4 b5 17. Bd5 Rb8 18. a3 Bxd2+ 19. Qxd2 Ndf6 20. Bb3 Qd6
21. Ne5 Rbd8 22. Rhe1 c6 23. f4 Nd5 24. Nxd5 cxd5 25. Qf2 Bf5 26. c3 Nf6 27.
Bc2 Bxc2 28. Qxc2 Ne4 29. Rg1 f6 30. Nd3 Re7 31. Kb1 Rde8 32. Qg2 a5 33. Qf3
Kh8 34. Rg2 b4 35. axb4 axb4 36. Nxb4 Rb8 37. Kc1 Rc7 38. Rc2 Qd7 39. Nd3 Qe6
40. f5 Qd6 41. Re1 Rd7 42. Rxe4 dxe4 43. Qxe4 Rg8 44. Re2 Qc7 45. Nf4 Rdd8 46.
Ng6+ hxg6 47. Qh4# {Normal} 1-0

[Event "Rated Blitz game"]
[Site "?"]
[Date "2021.01.20"]
[Round "?"]
[White "Kiiris"]
[Black "Mettigel"]
[Result "0-1"]
[WhiteElo "2323"]
[BlackElo "2507"]
[PlyCount "122"]
[EventDate "2021.??.??"]
[EventType "blitz"]

1. e4 e5 2. Nf3 d5 3. exd5 Bd6 4. d4 e4 5. Ne5 Nf6 6. Nc3 O-O 7. Bg5 Nbd7 8.
Nxe4 Nxe5 9. Bxf6 gxf6 10. dxe5 Bxe5 11. Bd3 f5 12. Nc3 Qh4 13. g3 Qh3 14. Qf3
Bd7 15. O-O-O Qh6+ 16. Kb1 Qf6 17. Bc4 b5 18. Bb3 a5 19. a3 b4 20. axb4 axb4
21. Na2 Bxb2 22. d6 c5 23. Rhe1 Bd4 24. Re7 Qxd6 25. Rde1 Qa6 26. Rxd7 Qa3 27.
Rxd4 cxd4 28. Qxf5 Ra6 29. Re7 d3 30. Rxf7 dxc2+ 31. Kxc2 Qxb3+ 32. Kxb3 Rxf7
33. Qc8+ Kg7 34. Qxa6 Rxf2 35. Qb7+ Kg8 36. Qa8+ Rf8 37. Qa7 Rf7 38. Qxf7+ Kxf7
39. Nxb4 Kf6 40. Kc3 Kf5 41. Kd2 Kg4 42. Ke2 Kh3 43. Kf1 Kxh2 44. Kf2 Kh3 45.
Nd3 Kg4 46. Nf4 h6 47. Ng2 Kf5 48. Nh4+ Kg4 49. Kg2 Kg5 50. Nf3+ Kg4 51. Nh2+
Kg5 52. g4 Kh4 53. Nf3+ Kxg4 54. Nh2+ Kf4 55. Nf1 h5 56. Ng3 h4 57. Kh3 hxg3
58. Kg2 Kg4 59. Kg1 Kh3 60. Kf1 Kh2 61. Ke1 g2 {Time forfeit} 0-1

[Event "Rated Blitz game"]
[Site "?"]
[Date "2021.01.20"]
[Round "?"]
[White "khatkevich71"]
[Black "Oghart"]
[Result "0-1"]
[WhiteElo "2406"]
[BlackElo "2573"]
[PlyCount "168"]
[EventDate "2021.??.??"]
[EventType "blitz"]

1. e4 e5 2. Nf3 d5 3. exd5 e4 4. Qe2 Nf6 5. Nc3 Bf5 6. d3 Bb4 7. Nd4 Qxd5 8.
Nxf5 Qxf5 9. Bd2 Bxc3 10. Bxc3 O-O 11. O-O-O Nc6 12. Bxf6 exd3 13. Rxd3 Qxf6
14. Rf3 Nd4 15. Rxf6 Nxe2+ 16. Bxe2 gxf6 17. Bf3 c6 18. a4 a5 19. b3 Rad8 20.
Be2 Rd4 21. Bd3 Re8 22. Kb2 Kg7 23. Kc3 Rd5 24. h4 f5 25. Rh3 Kf6 26. Rf3 Rg8
27. g3 Re5 28. Rf4 Rg4 29. Rf3 h6 30. Bc4 f4 31. gxf4 Rf5 32. Rd3 Rgxf4 33. Rd7
b5 34. axb5 cxb5 35. Bxf7 b4+ 36. Kb2 Rxh4 37. Bc4 Rhf4 38. Rd6+ Kg5 39. Bd3
Re5 40. Rg6+ Kh5 41. Rg2 Kh4 42. Rh2+ Kg5 43. Rg2+ Rg4 44. Rh2 h5 45. f3 Rh4
46. Rf2 Kf4 47. Be4 Rh3 48. Rg2 Rg5 49. Rd2 h4 50. Rd4 Rh2 51. Bb7+ Ke3 52.
Re4+ Kxf3 53. Rxh4+ Kg3 54. Rc4 Kf2 55. Be4 Ke3 56. Bd3 Rh1 57. Re4+ Kf3 58.
Re8 Rhg1 59. Rf8+ Ke3 60. Re8+ Kd4 61. Rd8+ Rd5 62. Ra8 Re5 63. Rd8+ Kc5 64.
Rb8 Ree1 65. Rc8+ Kd6 66. c3 Rg2+ 67. Bc2 Ree2 68. cxb4 axb4 69. Rc4 Rd2 70.
Kb1 Ke5 71. Rc5+ Kd4 72. Rc4+ Ke3 73. Re4+ Kf3 74. Rc4 Rgf2 75. Be4+ Ke3 76.
Bc2 Rxc2 77. Rxc2 Rxc2 78. Kxc2 Ke2 79. Kc1 Kd3 80. Kd1 Kc3 81. Kc1 Kxb3 82.
Kb1 Kc3 83. Kc1 b3 84. Kb1 b2 {Normal} 0-1

[Event "Rated Blitz game"]
[Site "?"]
[Date "2021.01.20"]
[Round "?"]
[White "Chess-For-All"]
[Black "Schachelite"]
[Result "1/2-1/2"]
[WhiteElo "2408"]
[BlackElo "2430"]
[PlyCount "121"]
[EventDate "2021.??.??"]
[EventType "blitz"]

1. e4 e5 2. Nf3 d5 3. d3 dxe4 4. dxe4 Qxd1+ 5. Kxd1 Bg4 6. Be2 Nc6 7. h3 O-O-O+
8. Bd2 Bxf3 9. Bxf3 Nd4 10. c3 Nxf3 11. gxf3 Bc5 12. Ke2 Ne7 13. Be3 Bxe3 14.
fxe3 Rd6 15. Nd2 Rhd8 16. Rad1 Ra6 17. a3 Rg6 18. Rhg1 Rdd6 19. Nc4 Rxd1 20.
Rxg6 Nxg6 21. Kxd1 f6 22. Ke2 b5 23. Na5 Kd7 24. b4 Nf8 25. c4 a6 26. Kd3 c6
27. Nb3 Ne6 28. h4 h5 29. cxb5 axb5 30. Ke2 Kd6 31. Kf2 g5 32. Kg3 c5 33. bxc5+
Nxc5 34. Nc1 Kc6 35. Ne2 Kb6 36. Nc3 Ka5 37. Nd5 Ka4 38. Nxf6 gxh4+ 39. Kxh4
Kxa3 40. Nd5 b4 41. Kxh5 b3 42. Kg5 b2 43. Nc3 Kb3 44. Nb1 Kc2 45. Na3+ Kd3 46.
Kf5 Kxe3 47. Nc4+ Kxf3 48. Nxb2 Nxe4 49. Kxe5 Nc3 50. Nc4 Nd5 51. Kd6 Ke2 52.
Ne5 Kd2 53. Nc6 Ke2 54. Nd4+ Kd2 55. Ne6 Ke2 56. Ke5 Kd2 57. Kd4 Ke2 58. Nc5
Nf4 59. Ke4 Ne6 60. Nd3 Nc5+ 61. Nxc5 {Normal} 1/2-1/2

[Event "Rated Blitz game"]
[Site "?"]
[Date "2021.01.20"]
[Round "?"]
[White "vovasev"]
[Black "Tayota"]
[Result "1-0"]
[WhiteElo "2453"]
[BlackElo "2389"]
[PlyCount "75"]
[EventDate "2021.??.??"]
[EventType "blitz"]

1. e4 e5 2. Nf3 d5 3. d4 dxe4 4. Nxe5 Bd6 5. Nc4 Nf6 6. Be2 O-O 7. O-O h6 8.
Nxd6 cxd6 9. c4 Bf5 10. Nc3 d5 11. c5 Nc6 12. Bf4 Bg6 13. a3 a5 14. Bd6 Re8 15.
f3 Qd7 16. fxe4 Bxe4 17. Bb5 Qe6 18. Bxc6 bxc6 19. Be5 Ng4 20. Nxe4 Nxe5 21.
Nd6 Nc4 22. Nxe8 Qxe8 23. Qg4 Ne3 24. Qf4 Nxf1 25. Rxf1 a4 26. Qd6 Rb8 27. h3
Rxb2 28. Kh2 Rd2 29. Rf4 Kh7 30. Rg4 Rf2 31. Qg3 Rf6 32. Rxg7+ Kh8 33. Rg4 Re6
34. Rf4 Re3 35. Qh4 Kg7 36. Rf6 Qe4 37. Qxh6+ Kg8 38. Rf4 {Normal} 1-0

[Event "Rated Blitz game"]
[Site "?"]
[Date "2021.01.20"]
[Round "?"]
[White "leroquentin"]
[Black "Sisyphus_64"]
[Result "0-1"]
[WhiteElo "2276"]
[BlackElo "2420"]
[PlyCount "68"]
[EventDate "2021.??.??"]
[EventType "blitz"]

1. e4 e5 2. Nf3 d5 3. Nxe5 Bd6 4. d4 dxe4 5. Nc4 Nf6 6. Nc3 h6 7. Be2 O-O 8.
Nxd6 Qxd6 9. Be3 Nc6 10. O-O Rd8 11. Nb5 Qd7 12. c3 Ne7 13. Bf4 Nfd5 14. Bg3
Nf5 15. c4 c6 16. Nc3 Nf6 17. Be5 Nxd4 18. Bxf6 gxf6 19. Nxe4 Qe7 20. Bf3 f5
21. Nc3 Qg5 22. g3 Be6 23. b3 b5 24. cxb5 Rac8 25. bxc6 Nxc6 26. Qc1 Nd4 27.
Bd1 Qf6 28. Qb2 Rxc3 29. Qxc3 Ne2+ 30. Bxe2 Qxc3 31. Rac1 Qb2 32. Bf3 f4 33.
Kg2 Rd2 34. Rc8+ Bxc8 {Normal} 0-1

[Event "Rated Blitz game"]
[Site "?"]
[Date "2021.01.20"]
[Round "?"]
[White "NormWeinstein"]
[Black "Tayota"]
[Result "1-0"]
[WhiteElo "2419"]
[BlackElo "2384"]
[PlyCount "77"]
[EventDate "2021.??.??"]
[EventType "blitz"]

1. e4 e5 2. Nf3 d5 3. d4 dxe4 4. Nxe5 Bd6 5. Bf4 Nf6 6. Be2 O-O 7. O-O Bf5 8.
Nc3 Nc6 9. f3 exf3 10. Bxf3 Bg6 11. Bxc6 bxc6 12. Nxc6 Qd7 13. Bxd6 cxd6 14. d5
Rfe8 15. Qd4 a6 16. h3 Ne4 17. Rf4 Ng3 18. Kh2 Ne2 19. Nxe2 Rxe2 20. Rf2 Rae8
21. Raf1 R2e4 22. Qd2 Qb7 23. b3 Re3 24. c4 Qd7 25. Qd4 Rd3 26. Qf4 Ree3 27.
Rf3 Rxf3 28. Rxf3 Rxf3 29. Qxf3 h5 30. b4 Qe8 31. c5 Be4 32. Qe3 f5 33. cxd6
Qd7 34. Qf4 Bxd5 35. Ne7+ Kf7 36. Nxd5 g5 37. Qe5 f4 38. Qe7+ Qxe7 39. dxe7 {
Normal} 1-0

[Event "Rated Blitz game"]
[Site "?"]
[Date "2021.01.20"]
[Round "?"]
[White "Mr_Zanahoria"]
[Black "Pandatoast"]
[Result "0-1"]
[WhiteElo "2467"]
[BlackElo "2470"]
[PlyCount "88"]
[EventDate "2021.??.??"]
[EventType "blitz"]

1. e4 e5 2. Nf3 d5 3. exd5 e4 4. Qe2 Nf6 5. d3 Qxd5 6. Nfd2 Bg4 7. f3 Be6 8.
dxe4 Qa5 9. Qb5+ Qxb5 10. Bxb5+ c6 11. Bc4 Nbd7 12. Bxe6 fxe6 13. Nb3 O-O-O 14.
Be3 b6 15. N1d2 Ne5 16. O-O-O c5 17. h3 Be7 18. f4 Nc6 19. c3 Rhf8 20. g4 Bd6
21. Rhf1 Bc7 22. Kc2 Rf7 23. a4 Rdf8 24. f5 Re8 25. g5 Nh5 26. f6 gxf6 27. Nc4
Ref8 28. Nd6+ Bxd6 29. Rxd6 Nd8 30. a5 Kc7 31. Rfd1 f5 32. e5 f4 33. Bf2 Ng3
34. axb6+ axb6 35. Ra1 Ne4 36. Ra7+ Kb8 37. Rxf7 Nxf7 38. Rxb6+ Kc7 39. Nxc5
Nxf2 40. Nxe6+ Kxb6 41. Nxf8 Nxe5 42. Nxh7 Nxh3 43. g6 Nxg6 44. Ng5 Nxg5 {
Normal} 0-1

[Event "Rated Blitz game"]
[Site "?"]
[Date "2021.01.20"]
[Round "?"]
[White "ganorabako"]
[Black "DarthZannah"]
[Result "1/2-1/2"]
[WhiteElo "2370"]
[BlackElo "2480"]
[PlyCount "108"]
[EventDate "2021.??.??"]
[EventType "blitz"]

1. e4 e5 2. Nf3 d5 3. Nxe5 dxe4 4. Bc4 Qg5 5. Bxf7+ Kd8 6. d4 Qxg2 7. Rf1 Nd7
8. Bc4 Nxe5 9. dxe5+ Ke8 10. Qd5 Ne7 11. Qf7+ Kd8 12. Nc3 Bg4 13. Bg5 h6 14.
Bxe7+ Bxe7 15. Qd5+ Kc8 16. Qxe4 Qxe4+ 17. Nxe4 Re8 18. f3 Bf5 19. O-O-O c6 20.
Nd6+ Bxd6 21. exd6 Kd7 22. Bd3 Bxd3 23. Rxd3 Re2 24. Rg1 g5 25. h4 Rg8 26. hxg5
Rxg5 27. Rxg5 hxg5 28. c4 b6 29. a3 Re6 30. Kd2 Rxd6 31. Rxd6+ Kxd6 32. Ke3 Ke5
33. b3 c5 34. b4 cxb4 35. axb4 a5 36. c5 axb4 37. cxb6 Kd6 38. Kd4 Kc6 39. Kc4
Kxb6 40. Kxb4 Kc6 41. Kc4 Kd6 42. Kd4 Ke6 43. Ke4 Kf6 44. f4 g4 45. Ke3 Kf5 46.
Kf2 Kxf4 47. Kg2 g3 48. Kg1 Kg4 49. Kg2 Kh4 50. Kg1 Kg4 51. Kg2 Kf4 52. Kg1 Kf3
53. Kf1 g2+ 54. Kg1 Kg3 {Normal} 1/2-1/2

[Event "Rated Blitz game"]
[Site "?"]
[Date "2021.01.20"]
[Round "?"]
[White "fliping"]
[Black "Sisyphus_64"]
[Result "0-1"]
[WhiteElo "2368"]
[BlackElo "2423"]
[PlyCount "44"]
[EventDate "2021.??.??"]
[EventType "blitz"]

1. e4 e5 2. Nf3 d5 3. exd5 Bd6 4. Bb5+ c6 5. dxc6 Nxc6 6. O-O Nge7 7. d4 exd4
8. Nxd4 O-O 9. Nxc6 bxc6 10. Bd3 Nd5 11. Nd2 Bc7 12. Nc4 Qh4 13. g3 Qh3 14. Qf3
Bg4 15. Qg2 Qh5 16. Re1 Rae8 17. Bd2 Bh3 18. Qh1 f5 19. Ne3 f4 20. Nxd5 cxd5
21. c4 f3 22. b3 Bg2 {Normal} 0-1

[Event "Rated Blitz game"]
[Site "?"]
[Date "2021.01.20"]
[Round "?"]
[White "PappaWutz"]
[Black "Dzon_Vejn"]
[Result "0-1"]
[WhiteElo "2245"]
[BlackElo "2448"]
[PlyCount "36"]
[EventDate "2021.??.??"]
[EventType "blitz"]

1. e4 e5 2. Nf3 d5 3. exd5 e4 4. Nd4 Qxd5 5. Nb3 Qe5 6. Nc3 Nc6 7. Be2 Nf6 8.
d4 exd3 9. Qxd3 Bf5 10. Qb5 O-O-O 11. Qxe5 Nxe5 12. Nb5 Bxc2 13. Bf4 Bb4+ 14.
Kf1 Nd3 15. Nxa7+ Kb8 16. Be3 Nd5 17. Bd4 c5 18. Bxg7 Rhg8 {Normal} 0-1

[Event "Rated Blitz game"]
[Site "?"]
[Date "2021.01.20"]
[Round "?"]
[White "ragabove"]
[Black "Yatatu408Empire"]
[Result "0-1"]
[WhiteElo "2422"]
[BlackElo "2473"]
[PlyCount "110"]
[EventDate "2021.??.??"]
[EventType "blitz"]

1. e4 e5 2. Nf3 d5 3. Nc3 dxe4 4. Nxe4 f5 5. Ng3 e4 6. Ng1 Bc5 7. d3 Nf6 8. Bg5
Qd4 9. Be3 Qxb2 10. Rb1 Qc3+ 11. Bd2 Qd4 12. Be3 Bb4+ 13. Bd2 Bxd2+ 14. Qxd2
O-O 15. dxe4 Qxd2+ 16. Kxd2 fxe4 17. h3 Nc6 18. Bc4+ Kh8 19. N1e2 Ne5 20. Bb3
c5 21. a4 c4 22. Ba2 Be6 23. Rxb7 Bd5 24. Rb5 e3+ 25. fxe3 Bxg2 26. Rxe5 Bxh1
27. Nxh1 Rad8+ 28. Kc3 Rfe8 29. Rxe8+ Rxe8 30. Bxc4 Rxe3+ 31. Kd4 Rxh3 32. Nhg3
h5 33. Be6 Rh2 34. Kd3 h4 35. Nf5 h3 36. Nfg3 g5 37. c4 g4 38. c5 Rg2 39. c6
Ne8 40. Bxg4 h2 41. Bf3 Rg1 42. Ke3 h1=Q 43. Nxh1 Ra1 44. Nf2 Rxa4 45. Nd3 Nc7
46. Nd4 Ra3 47. Be4 a5 48. Kd2 Ra4 49. Kc2 Rxd4 50. Bg2 a4 51. Kc3 Rg4 52. Bf3
Rg3 53. Be4 a3 54. Kb3 Re3 55. Bf5 a2 {Time forfeit} 0-1

[Event "Rated Blitz game"]
[Site "?"]
[Date "2021.01.20"]
[Round "?"]
[White "drawingchest"]
[Black "Mettigel"]
[Result "0-1"]
[WhiteElo "2479"]
[BlackElo "2501"]
[PlyCount "76"]
[EventDate "2021.??.??"]
[EventType "blitz"]

1. e4 e5 2. Nf3 d5 3. d4 exd4 4. exd5 Qxd5 5. Qxd4 Qxd4 6. Nxd4 Nf6 7. Nb5 Na6
8. Bf4 Bb4+ 9. c3 Ba5 10. N1a3 O-O 11. Nc4 Bb6 12. Nxb6 cxb6 13. Nd6 Nc5 14. f3
Nd5 15. Bd2 Rd8 16. Nxc8 Raxc8 17. O-O-O a6 18. Bg5 Rd7 19. Bc4 Nc7 20. Rxd7
Nxd7 21. Rd1 Ne5 22. Bb3 Nb5 23. Rd5 Nc6 24. a4 Nbd4 25. Ba2 Ne6 26. Be3 Nb4
27. Rd7 Nxa2+ 28. Kb1 Nxc3+ 29. bxc3 h5 30. Kc2 b5 31. axb5 axb5 32. Rxb7 Ra8
33. Rxb5 Ra2+ 34. Rb2 Ra4 35. Kd3 Kh7 36. Rc2 Ra3 37. Ke4 Kg6 38. c4 f5+ {
Time forfeit} 0-1

[Event "Rated Blitz game"]
[Site "?"]
[Date "2021.01.20"]
[Round "?"]
[White "Munchen1878"]
[Black "Sisyphus_64"]
[Result "0-1"]
[WhiteElo "2381"]
[BlackElo "2403"]
[PlyCount "78"]
[EventDate "2021.??.??"]
[EventType "blitz"]

1. e4 e5 2. Nf3 d5 3. exd5 Bd6 4. d4 e4 5. Ne5 Nf6 6. Nc3 Nbd7 7. f4 exf3 8.
Nxf3 O-O 9. Be2 Nb6 10. Bg5 h6 11. Bh4 g5 12. Bf2 Nbxd5 13. Nxd5 Nxd5 14. O-O
Re8 15. Bc4 Be6 16. Bb3 Nf4 17. Re1 Qf6 18. c3 Bg4 19. Be3 Nh3+ 20. Kf1 Bxh2
21. Bf2 Bd6 22. Qd3 Nxf2 23. Kxf2 Bf5 24. Qc4 g4 25. Qxf7+ Qxf7 26. Bxf7+ Kxf7
27. Nh4 Be4 28. g3 Kf6 29. Ng2 Kg5 30. Ne3 Rf8+ 31. Kg1 Bxg3 32. Rf1 h5 33.
Rxf8 Rxf8 34. Rf1 Rxf1+ 35. Kxf1 Bf4 36. Nc4 h4 37. Na5 h3 38. Kf2 h2 39. Ke2
h1=Q {Time forfeit} 0-1

[Event "Rated Blitz game"]
[Site "?"]
[Date "2021.01.20"]
[Round "?"]
[White "cheburashka15"]
[Black "Maltinho"]
[Result "0-1"]
[WhiteElo "2497"]
[BlackElo "2571"]
[PlyCount "24"]
[EventDate "2021.??.??"]
[EventType "blitz"]

1. e4 e5 2. Nf3 d5 3. exd5 Bd6 4. Nc3 Nf6 5. Bc4 e4 6. Nd4 O-O 7. O-O Bxh2+ 8.
Kxh2 Ng4+ 9. Kg3 h5 10. Rh1 Qg5 11. d3 Ne3+ 12. Kh2 Qxg2# {Normal} 0-1

[Event "Rated Blitz game"]
[Site "?"]
[Date "2021.01.20"]
[Round "?"]
[White "K-v-K"]
[Black "Tayota"]
[Result "1-0"]
[WhiteElo "2406"]
[BlackElo "2367"]
[PlyCount "79"]
[EventDate "2021.??.??"]
[EventType "blitz"]

1. e4 e5 2. Nf3 d5 3. exd5 e4 4. Qe2 f5 5. d3 Nf6 6. dxe4 fxe4 7. Nc3 Bb4 8.
Qb5+ c6 9. Qxb4 exf3 10. Be3 a5 11. Qc5 b6 12. Qxb6 Qxb6 13. Bxb6 O-O 14. O-O-O
cxd5 15. gxf3 Bb7 16. Rg1 Nbd7 17. Bd4 Kh8 18. Bb5 Rad8 19. Rde1 Rf7 20. Na4 h6
21. b3 Nh5 22. Kb2 Nf4 23. Nc3 Nf6 24. Bb6 Rc8 25. Bxa5 d4 26. Ne4 Nxe4 27.
fxe4 Rc5 28. a4 d3 29. cxd3 Rxb5 30. axb5 Nxd3+ 31. Kc3 Nxe1 32. Rxe1 Rxf2 33.
e5 Rf3+ 34. Kc4 Bc8 35. e6 Rf4+ 36. Kd5 Rf5+ 37. Kd6 Rxb5 38. e7 Bf5 39. e8=Q+
Kh7 40. Qxb5 {Normal} 1-0

[Event "Rated Blitz game"]
[Site "?"]
[Date "2021.01.20"]
[Round "?"]
[White "mishabmstu"]
[Black "Yatatu408Empire"]
[Result "0-1"]
[WhiteElo "2393"]
[BlackElo "2477"]
[PlyCount "68"]
[EventDate "2021.??.??"]
[EventType "blitz"]

1. e4 e5 2. Nf3 d5 3. Nxe5 Bd6 4. d4 dxe4 5. Bf4 Nf6 6. Bc4 O-O 7. O-O Nc6 8.
c3 Qe7 9. Nxc6 bxc6 10. Qc1 Nd5 11. Bg3 f5 12. f4 Kh8 13. Bb3 a5 14. c4 a4 15.
Bd1 Nb4 16. Be2 Nd3 17. Bxd3 exd3 18. c5 Ba6 19. Nd2 Qe3+ 20. Bf2 Qxf4 21. cxd6
Qxd6 22. Qc3 Rae8 23. Rfe1 Re2 24. Rxe2 dxe2 25. Nc4 Qd5 26. b3 c5 27. dxc5 Bb7
28. Ne3 Qc6 29. Re1 f4 30. Qxg7+ Kxg7 31. Nf5+ Rxf5 32. Bd4+ Kf7 33. Rd1
exd1=Q+ 34. Kf2 Qxg2# {Normal} 0-1

[Event "Rated Blitz game"]
[Site "?"]
[Date "2021.01.20"]
[Round "?"]
[White "good_knight_kisses"]
[Black "Mettigel"]
[Result "1-0"]
[WhiteElo "2335"]
[BlackElo "2488"]
[PlyCount "47"]
[EventDate "2021.??.??"]
[EventType "blitz"]

1. e4 e5 2. Nf3 d5 3. exd5 Bd6 4. d4 e4 5. Ne5 Nf6 6. Bb5+ c6 7. dxc6 bxc6 8.
Nxc6 Qb6 9. Nxa7+ Bd7 10. c4 Rxa7 11. Bxd7+ Nbxd7 12. c5 Qb4+ 13. Bd2 Qxd4 14.
cxd6 O-O 15. O-O Qxb2 16. Bc3 Qb5 17. a4 Qc4 18. Qd4 Qxd4 19. Bxd4 Ra6 20. Nc3
Rxd6 21. Nb5 Rd5 22. Rfb1 h5 23. a5 Rb8 24. a6 {Normal} 1-0

[Event "Titled Tuesday 19th Jan"]
[Site "chess.com INT"]
[Date "2021.01.19"]
[Round "10"]
[White "Vasli, A."]
[Black "Skatchkov, Valery"]
[Result "0-1"]
[WhiteElo "2384"]
[BlackElo "2283"]
[PlyCount "84"]
[EventDate "2021.01.19"]
[SourceTitle "The Week in Chess 1368"]
[Source "Mark Crowther"]
[SourceDate "2021.01.25"]
[SourceVersion "2"]
[SourceVersionDate "2021.01.26"]
[SourceQuality "2"]

1. e4 e5 2. Nf3 d5 3. d3 dxe4 4. dxe4 Qxd1+ 5. Kxd1 Nc6 6. c3 f5 7. Bd3 Nf6 8.
Nbd2 fxe4 9. Nxe4 Bg4 10. Kc2 O-O-O 11. Nfg5 Bh5 12. Ne6 Rd7 13. Nxf8 Rxf8 14.
f3 Bg6 15. Re1 Ne7 16. Bg5 Ned5 17. Rad1 Nf4 18. Bxf4 exf4 19. c4 Rfd8 20. Nc5
Rd4 21. Bxg6 Rxc4+ 22. Kb3 Rxc5 23. Rxd8+ Kxd8 24. Bb1 Rd5 25. Kc3 Kd7 26. b4
g5 27. a3 h5 28. Ba2 Rd6 29. Re5 g4 30. Rf5 Rc6+ 31. Kd4 g3 32. h4 Ke7 33. Rxf4
Rc2 34. Bc4 Rxg2 35. Rf5 Rd2+ 36. Ke5 g2 37. Rg5 Ng4+ 38. fxg4 g1=Q 39. Rg7+
Ke8 40. Rg8+ Kd7 41. Rg7+ Kc6 42. Rg6+ Rd6 0-1

[Event "Titled Tuesday 19th Jan"]
[Site "chess.com INT"]
[Date "2021.01.19"]
[Round "7"]
[White "Abrahamyan, T."]
[Black "Mikhailovsky, Vladimir"]
[Result "1-0"]
[WhiteElo "2358"]
[BlackElo "2228"]
[PlyCount "87"]
[EventDate "2021.01.19"]
[SourceTitle "The Week in Chess 1368"]
[Source "Mark Crowther"]
[SourceDate "2021.01.25"]
[SourceVersion "2"]
[SourceVersionDate "2021.01.26"]
[SourceQuality "2"]

1. e4 e5 2. Nf3 d5 3. Nxe5 Bd6 4. d4 dxe4 5. Nc4 Nf6 6. Nxd6+ Qxd6 7. c4 O-O 8.
Nc3 Rd8 9. Be3 c5 10. dxc5 Qe7 11. Nd5 Nxd5 12. cxd5 Qe5 13. Bc4 Be6 14. Qb3
Bxd5 15. Rd1 Nc6 16. Rxd5 Rxd5 17. Bxd5 Na5 18. Bxf7+ Kf8 19. Qd5 Qf6 20. Bh5
Rd8 21. Qxe4 g6 22. Bf3 Qa6 23. Be2 Qc6 24. Bh6+ Kf7 25. Qxc6 Nxc6 26. O-O Nd4
27. Bc4+ Kf6 28. Rd1 Nf3+ 29. gxf3 Rxd1+ 30. Kg2 Rd4 31. b3 g5 32. Bf8 Rd2 33.
a4 Rc2 34. Bd6 h5 35. Bd5 b6 36. cxb6 axb6 37. Bc4 Rd2 38. Bc7 b5 39. axb5 Rd7
40. b6 Rg7 41. b7 Rxc7 42. b8=Q Rg7 43. Qd6+ Kf5 44. Bd3# 1-0

[Event "Titled Tuesday 19th Jan"]
[Site "chess.com INT"]
[Date "2021.01.19"]
[Round "2"]
[White "Legenia, Artem"]
[Black "Greet, A."]
[Result "1-0"]
[WhiteElo "2144"]
[BlackElo "2417"]
[PlyCount "61"]
[EventDate "2021.01.19"]
[SourceTitle "The Week in Chess 1368"]
[Source "Mark Crowther"]
[SourceDate "2021.01.25"]
[SourceVersion "2"]
[SourceVersionDate "2021.01.26"]
[SourceQuality "2"]

1. e4 e5 2. Nf3 d5 3. Nc3 d4 4. Ne2 f6 5. d3 Be6 6. Ng3 c5 7. Be2 Ne7 8. O-O
Ng6 9. c3 Nc6 10. Nf5 Qd7 11. cxd4 cxd4 12. a3 Nce7 13. Nxe7 Bxe7 14. b4 O-O
15. Nd2 Nf4 16. g3 Nxe2+ 17. Qxe2 a5 18. Rb1 axb4 19. axb4 Ra2 20. Qd1 Rc8 21.
Rb2 Rxb2 22. Bxb2 Bxb4 23. f4 Qb5 24. fxe5 fxe5 25. Nf3 Bh3 26. Rf2 Bc3 27. Ba3
Ra8 28. Bc1 Ra1 29. Ng5 Bd7 30. Qh5 Rxc1+ 31. Kg2 1-0